000 00645nam a2200193 i 4500
001 67069
003 ES-MaACL
005 20230906165940.0
007 t|
008 040503s2002 sp ||||1| spa d
080 _a929 Pellicer Frutos, Tomás
080 _a615.015.32
245 0 0 _aI Centenario de la muerte del doctor D. Tomás Pellicer Frutos, Era Alta, Murcia, 14 y 15 de febrero de 2002.
260 _aMurcia :
_bAyuntamiento de Murcia, Concejalía de Cultura y Festejos,
_c2002.
300 _a14 p. ;
_c24 cm.
600 1 4 _aPellicer Frutos, Tomás.
_990091
650 1 4 _aHomeopatía.
_913463
852 _aES-MaACL
_j2166-F-14
_bR.133469
999 _c67069
_d67069